La moral cristiana en el nuevo Catecismo

Zapisane w:
Opis bibliograficzny
1. autor: Vidal García, Marciano (Autor)
Format: Książka
Język:hiszpański
Wydane: Madrid PPC 1993
Seria:Folletos PPC, 3
Hasła przedmiotowe:
Etykiety: Dodaj etykietę
Nie ma etykietki, Dołącz pierwszą etykiete!

MARC

LEADER 00000nam a2200000 a 4500
001 UCX7066
003 CL-VaPUC
008 930916e19930000SP |||||||||||||||||spa|d
082 0 4 |a 238.2  |b VID  |2 21 
100 |a Vidal García, Marciano  |e author  |9 600968 
245 1 3 |a La moral cristiana en el nuevo Catecismo 
300 |a 60 p 
942 |c BK 
945 |d 19930916 00:00:00 
260 |a Madrid  |b PPC  |c 1993 
650 0 |a Teología moral   |9 256617 
650 7 |a CATECISMOS  |2 CL-VaPUC  |9 257883 
583 |a last modification  |c 19930916 00:00:00  |k Rodrigo Vera 
490 0 |a Folletos PPC, 3 
999 |c 226985  |d 226983 
952 |0 0  |1 0  |4 0  |6 238_200000000000000_VID_1993  |7 0  |8 A  |9 225709  |a BIBTEO  |b BIBTEO  |d 2019-11-15  |i 2943395  |o 238.2 VID 1993  |p 2943395  |r 2025-01-17  |w 2019-11-15  |y BK  |k ICR